Fast typing - "Look at a River, Elisa" - Statistics

General Stats
  • This quiz has been taken 11 times
  • The average score is 5 of 8
Answer Stats
Hint Answer % Correct
How someone’s wet eye stares back like a vortex in the stream. How someone’s wet eye stares back like a vortex in the stream.
100%
Look a long time and notice one thing. Look a long time and notice one thing.
100%
Look at a painting of sky. Look at a painting of sky.
100%
In the novel I’m reading, a cowboy dies, dies, of snakes in a river. In the novel I’m reading, a cowboy dies, dies, of snakes in a river.
50%
There’s always a point when the day skips, if I remember it at all, so nothing came before the smudge of paint, the false door. There’s always a point when the day skips, if I remember it at all, so nothing came before the smudge of paint, the false door.
50%
He was really a boy, a child who cried and sang Irish lullabies. He was really a boy, a child who cried and sang Irish lullabies.
33%
Look at a detail hold on the surface, look until it folds in and under. Look at a detail hold on the surface, look until it folds in and under.
33%
We die, we die, not over and over but twice, the infinite we know. We die, we die, not over and over but twice, the infinite we know.
17%
No matching quizzes found
Score Distribution
Percent of People with Each Score
Percentile by Number Answered
Your Score History
You have not taken this quiz